000 00538nam a2200157 i 4500
001 146028
003 ES-MaACL
005 20230906201406.0
007 t|
008 071018s1908 sp ||||1| spa d
245 0 0 _aVelada celebrada el 25 de Marzo de 1908 para conmemorar el primer centenario del nacimiento del insigne poeta extremeño D. José de Espronceda.
260 _aMérida :
_b[s.n.],
_c1908 (
_fJoaquín Soler)
300 _a18 p. ;
_c31 cm.
500 _aPrec. al tít.: Liceo de Mérida.
852 _aES-MaACL
_jT-1177-F-11
999 _c146028
_d146028